The lives of others /

Chronicles the vicissitudes of the extended Ghosh family as internal rivalries accompany the implosion of the family business and external social unrest.

Bibliographic Details
Main Author: Mukherjee, Neel (Author)
Format: Book
Language:English
Published: New York, N.Y. : W.W. Norton & Company, 2014.
Edition:First American edition.
Subjects:

MARC

Tag First Indicator Second Indicator Subfields
LEADER 00000cam a2200000 i 4500
001 in00003496751
005 20141208122240.0
008 140913t20142014nyubj b 000 1 eng
010 |a  2014034302 
035 |a (OCoLC)ocn890802436 
040 |a DLC  |b eng  |e rda  |c DLC  |d YDX  |d YDXCP  |d CZA  |d OCLCQ 
020 |a 9780393247909  |q hardcover 
020 |a 0393247902  |q hardcover 
035 |a (OCoLC)890802436 
042 |a pcc 
043 |a a-ii--- 
050 0 0 |a PR9499.4.M84  |b L58 2014 
082 0 0 |a 823/.92  |2 23 
049 |a TXAM 
100 1 |a Mukherjee, Neel,  |e author. 
245 1 4 |a The lives of others /  |c Neel Mukherjee. 
250 |a First American edition. 
264 1 |a New York, N.Y. :  |b W.W. Norton & Company,  |c 2014. 
300 |a 516 pages ;  |c 25 cm 
336 |a text  |b txt  |2 rdacontent 
337 |a unmediated  |b n  |2 rdamedia 
338 |a volume  |b nc  |2 rdacarrier 
504 |a Includes bibliographical references. 
520 |a Chronicles the vicissitudes of the extended Ghosh family as internal rivalries accompany the implosion of the family business and external social unrest. 
651 0 |a India  |x History  |y 20th century  |v Fiction. 
938 |a YBP Library Services  |b YANK  |n 12069556 
947 |a A14840335989 
945 |a PromptCat  |b 987600 
946 |a stk 
948 |a Cataloged  |b h  |c 2014/12/8  |d c  |e LDuncan 
994 |a 92  |b TXA 
999 f f |s 68ac28da-ac65-30f1-84e1-a531d44cab7d  |i 96353b02-ddc4-3005-8fa3-98755d776e8c  |t 0 
952 f f |p normal  |a Texas A&M University  |b College Station  |c Sterling C. Evans Library  |d Evans: Library Stacks  |t 0  |e PR9499.4.M84 L58 2014  |h Library of Congress classification  |i unmediated -- volume  |m A14840335989 
998 f f |a PR9499.4.M84 L58 2014  |t 0  |l Evans: Library Stacks